000 00298nam a22001337a 4500
008 171228b xxu||||| |||| 00| 0 eng d
020 _a9781426317750
041 _aeng
080 _24TH
_a91
100 _a42
101 _aGJEO
245 _aSTUDENT WORLD ATLAS
_cWASHINGTON,D.C
942 _2udc
_cBK
999 _c39562
_d39562